Pop art

Uloženo v:
Podrobná bibliografie
Hlavní autor: Osterwold, Tilman (autor)
Médium: Kniha
Jazyk:španělština
Vydáno: Colonia Taschen 1999
Témata:
Tagy: Přidat tag
Žádné tagy, Buďte první, kdo vytvoří štítek k tomuto záznamu!

MARC

LEADER 00000nam a2200000 a 4500
001 UCO5234
003 CL-VaPUC
008 000825e19990000GW |||||||||||||||||spa|d
082 0 4 |a 759.06  |b OST  |2 21 
100 |a Osterwold, Tilman  |e autor  |9 568584 
245 1 0 |a Pop art 
300 |a 239 p 
942 |c BK 
945 |d 20000825 00:00:00  |a vberengu 
260 |a Colonia  |b Taschen  |c 1999 
650 0 |a Arte pop  |9 267708 
650 0 |a Estilos artísticos  |9 340996 
583 |a last modification  |c 20000825 00:00:00  |k Rodrigo Vera 
999 |c 291178  |d 291176 
952 |0 0  |1 0  |4 0  |6 759_060000000000000_OST_1999  |7 0  |8 R  |9 340945  |a BIBART  |b BIBART  |d 2019-11-20  |i 3645754  |l 8  |o 759.06 OST 1999  |p 3645754  |r 2025-03-13  |s 2024-11-11  |w 2019-11-20  |y BK_R  |k ART